00831nam a2200145 a 450000100100000000500170001000800410002704000250006808200160009310000410010924502040015026000540035430000200040850002570042800003252620200930065703.0110719s1993 dr 000 0 spa d aDO-SdBNPbspacBNPHU axxxxbP796c1 aPérez y Pérez, Rafael Leónidas10aPonencia del coronel médico internista-oncólogo Dr. Rafael Leónidas Pérez y Pérez, Ejercito Nacional, en la mesa redonda "13 de marzo: contribución de Neiba en la gesta independentista ". aSanto Domingo :bImprenta Offset Nítida,c1993. a18 p. ;c21 cm. a"Conferencia presentada en la mesa redonda "13 de marzo: Contribución de Neiba en la gesta independentista ", celebrada el 8 de marzo de 1993 con motivo del 50º aniversario de la provincia Bahoruco" en el Salon de Música de la Biblioteca Nacional.